[Event "Trapani Province-ch"]
[Site "Erice"]
[Date "2012.01.29"]
[Round "5"]
[White "Melograni, Francesco"]
[Black "Lo Piccolo, Antonino"]
[Result "1/2-1/2"]
[WhiteElo "1890"]
[BlackElo "1843"]
[PlyCount "96"]
[EventDate "2012.01.15"]
[EventType "swiss"]
[EventRounds "6"]
[EventCountry "ITA"]
[SourceTitle "EXT 2024"]
[Source "ChessBase"]
[SourceDate "2023.10.10"]
[SourceVersion "1"]
[SourceVersionDate "2023.10.10"]
[SourceQuality "1"]

1. e4 c6 2. d4 d5 3. exd5 cxd5 4. Nf3 Nf6 5. Bd3 g6 6. Qe2 Bg7 7. Bg5 Nc6 8. c3 0-0 9. Na3 Re8 10. 0-0-0 a6 11. Nc2 Be6 12. h4 Rc8 13. h5 Bg4 14. hxg6 hxg6 15. Rh4 Qd7 16. Qd2 Ne4 17. Qe3 e5 18. dxe5 Nxg5 19. Qxg5 Bxf3 20. gxf3 Nxe5 21. Be4 Qe7 22. Qxe7 Rxe7 23. Bxd5 Bf6 24. Re4 Kg7 25. f4 Nc6 26. Rxe7 Bxe7 27. Bxc6 Rxc6 28. Rd7 Bd6 29. Rxb7 Bxf4+ 30. Kd1 Rd6+ 31. Nd4 Be5 32. Rb4 f5 33. Ke2 Kf6 34. Rc4 g5 35. Rc6 g4 36. Rxd6+ Bxd6 37. b4 Ke5 38. Ke3 f4+ 39. Kd3 g3 40. fxg3 fxg3 41. Ke3 Kd5 42. Kd3 Be5 43. c4+ Kd6 44. Ne2 g2 45. Ke4 Bh2 46. a4 g1Q 47. Nxg1 Bxg1 48. c5+ Bxc5 1/2-1/2

[Event "Sicilia Regional-ch"]
[Site "Marsala"]
[Date "2011.06.05"]
[Round "5"]
[White "Gueci, Laura"]
[Black "Melograni, Francesco"]
[Result "0-1"]
[WhiteElo "1789"]
[BlackElo "1862"]
[PlyCount "100"]
[EventDate "2011.06.01"]
[EventType "swiss"]
[EventRounds "7"]
[EventCountry "ITA"]
[SourceTitle "EXT 2023"]
[Source "ChessBase"]
[SourceDate "2022.10.05"]
[SourceVersion "1"]
[SourceVersionDate "2022.10.05"]
[SourceQuality "1"]

1. e4 e5 2. Nf3 Nc6 3. d4 exd4 4. Nxd4 Bc5 5. Be3 Qf6 6. c3 Nge7 7. g3 d6 8. Bg2 0-0 9. 0-0 Bb6 10. Na3 Ne5 11. h3 N7g6 12. f4 Nc6 13. Qd2 Qe7 14. f5 Nge5 15. g4 f6 16. g5 Kh8 17. Kh1 Qf7 18. Qe2 Bd7 19. Rg1 fxg5 20. Nxc6 Bxc6 21. Bxb6 axb6 22. Nc2 Rxa2 23. Rxa2 Qxa2 24. Nd4 Bd7 25. Nf3 Nxf3 26. Bxf3 h6 27. Bh5 Be8 28. Bg4 Qf7 29. Rf1 Bc6 30. Qg2 Qc4 31. Re1 Re8 32. Bf3 Qd3 33. Kh2 Re5 34. Re2 d5 35. Rd2 Qe3 36. Bh5 Qf4+ 37. Kg1 g6 38. fxg6 Rxe4 39. Qf2 Qxf2+ 40. Rxf2 Re7 41. Rf7 Rxf7 42. gxf7 Kg7 43. Kf2 Bd7 44. Bg4 Bxg4 45. f8Q+ Kxf8 46. hxg4 Ke7 47. Ke3 Kd6 48. Kd4 c5+ 49. Kd3 b5 50. Kd2 Ke5 0-1

[Event "Trapani Province-ch"]
[Site "Erice"]
[Date "2010.01.24"]
[Round "4"]
[White "Lo Piccolo, Antonino"]
[Black "Melograni, Francesco"]
[Result "0-1"]
[WhiteElo "1873"]
[BlackElo "1832"]
[PlyCount "98"]
[EventDate "2010.01.10"]
[EventType "swiss"]
[EventRounds "6"]
[EventCountry "ITA"]
[SourceTitle "EXT 2024"]
[Source "ChessBase"]
[SourceDate "2023.10.10"]
[SourceVersion "1"]
[SourceVersionDate "2023.10.10"]
[SourceQuality "1"]

1. e4 e5 2. Nf3 Nc6 3. Bb5 a6 4. Ba4 Nf6 5. 0-0 b5 6. Bb3 Be7 7. Re1 d6 8. c3 Bg4 9. d3 0-0 10. Nbd2 Na5 11. Bc2 c5 12. Nf1 Nc6 13. h3 Bxf3 14. Qxf3 Ne8 15. Ne3 g6 16. Nd5 Bg5 17. Bxg5 Qxg5 18. Qe3 Qh4 19. Qg3 Qxg3 20. fxg3 f5 21. Rf1 fxe4 22. Rxf8+ Kxf8 23. Rf1+ Kg7 24. dxe4 Ra7 25. Bd1 Rf7 26. Bg4 Rxf1+ 27. Kxf1 Nf6 28. Nxf6 Kxf6 29. Bc8 a5 30. Bd7 Na7 31. a4 bxa4 32. Bxa4 Nc8 33. Ke2 Nb6 34. Bc6 Ke6 35. c4 Ke7 36. b3 Kd8 37. Kf3 Kc7 38. Bb5 Nd7 39. Bxd7 Kxd7 40. Kg4 h6 41. h4 Ke6 42. Kf3 Kd7 43. Kg4 Ke6 44. Kh3 Kd7 45. h5 gxh5 46. Kh4 d5 47. exd5 e4 48. g4 e3 49. Kg3 hxg4 0-1

[Event "Trapani Province-ch"]
[Site "Erice"]
[Date "2010.01.24"]
[Round "6"]
[White "Melograni, Francesco"]
[Black "Lo Bosco, Salvatore"]
[Result "1/2-1/2"]
[WhiteElo "1832"]
[BlackElo "1639"]
[PlyCount "32"]
[EventDate "2010.01.10"]
[EventType "swiss"]
[EventRounds "6"]
[EventCountry "ITA"]
[SourceTitle "EXT 2024"]
[Source "ChessBase"]
[SourceDate "2023.10.10"]
[SourceVersion "1"]
[SourceVersionDate "2023.10.10"]
[SourceQuality "1"]

1. e4 c5 2. Nc3 Nc6 3. d3 e6 4. f4 d6 5. Nf3 Nf6 6. Be2 Be7 7. 0-0 0-0 8. h3 Bd7 9. Be3 a6 10. Qd2 Rc8 11. Rad1 Qc7 12. Rf2 Rfe8 13. Rdf1 Rcd8 14. Kh2 Bc8 15. Kh1 Qb8 16. Kg1 Qa7 1/2-1/2

[Event "Nicolo La Rosa op 13th"]
[Site "Mazara del Vallo"]
[Date "2005.08.20"]
[Round "4"]
[White "Roberti, Ignazio"]
[Black "Melograni, Francesco"]
[Result "1-0"]
[WhiteElo "1959"]
[BlackElo "1658"]
[PlyCount "63"]
[EventDate "2005.08.19"]
[EventType "swiss"]
[EventRounds "6"]
[EventCountry "ITA"]
[SourceTitle "EXT 2024"]
[Source "ChessBase"]
[SourceDate "2023.10.10"]
[SourceVersion "1"]
[SourceVersionDate "2023.10.10"]
[SourceQuality "1"]

1. e4 e5 2. Nf3 Nc6 3. Bb5 d6 4. c3 Nf6 5. d3 Be7 6. Nbd2 0-0 7. Nf1 Bg4 8. Ng3 Nh5 9. Nf5 Qc8 10. Bxc6 Bxf5 11. exf5 bxc6 12. Nxe5 Nf6 13. Nxc6 Qd7 14. Nxe7+ Qxe7+ 15. Qe2 Qd7 16. g4 Rae8 17. Be3 Re7 18. Kd2 Nd5 19. Qf3 Nxe3 20. fxe3 Qb5 21. Rab1 Rfe8 22. Rhe1 c5 23. Qd5 Qb6 24. f6 gxf6 25. Qf5 Qc6 26. e4 Re5 27. Qxf6 R8e6 28. Qd8+ Kg7 29. Re3 h6 30. Rf1 Qb7 31. Kc2 Qa6 32. Rxf7+ 1-0

[Event "Nicolo La Rosa op 13th"]
[Site "Mazara del Vallo"]
[Date "2005.08.19"]
[Round "2"]
[White "Serio, Danilo"]
[Black "Melograni, Francesco"]
[Result "1-0"]
[WhiteElo "1943"]
[BlackElo "1658"]
[PlyCount "57"]
[EventDate "2005.08.19"]
[EventType "swiss"]
[EventRounds "6"]
[EventCountry "ITA"]
[SourceTitle "EXT 2024"]
[Source "ChessBase"]
[SourceDate "2023.10.10"]
[SourceVersion "1"]
[SourceVersionDate "2023.10.10"]
[SourceQuality "1"]

1. f4 Nf6 2. Nf3 d5 3. e3 c5 4. Be2 Nc6 5. 0-0 e6 6. b3 Bd6 7. Bb2 0-0 8. Qe1 Re8 9. Ne5 Nd7 10. Bh5 g6 11. Qg3 Ndxe5 12. fxe5 Bf8 13. Be2 Bg7 14. Na3 a6 15. Rf2 d4 16. Nc4 b5 17. Qf3 Qd7 18. Nd6 Rf8 19. exd4 cxd4 20. Raf1 Ra7 21. Ne4 Bxe5 22. Nf6+ Kh8 23. Qh3 Bxf6 24. Rxf6 Kg7 25. d3 e5 26. Qh4 b4 27. Bc1 h5 28. Bxh5 Ne7 29. Bxg6 1-0